[Event "Steinitz Memorial-A 1st"]
[Site "Prague"]
[Date "2001.01.02"]
[Round "8"]
[White "Hausner, Ivan"]
[Black "Lanka, Zigurds"]
[Result "1-0"]
[WhiteElo "2412"]
[BlackElo "2504"]
[Annotator "Ribli,Z"]
[PlyCount "63"]
[EventDate "2000.12.26"]
[EventType "tourn"]
[EventRounds "9"]
[EventCountry "CZE"]
[EventCategory "8"]
[SourceTitle "CBM 081"]
[Source "ChessBase"]
[SourceDate "2001.03.20"]
[SourceVersion "1"]
[SourceVersionDate "2001.03.20"]
[SourceQuality "1"]

1. c4 Nf6 2. Nc3 c5 3. g3 Nc6 4. Bg2 g6 5. Nf3 d6 (5... Bg7) 6. d4 Bd7 {
Dieser Läuferzug gefällt mir nicht. Es wäre besser erst 6...cxd4 7.Nxd4 und
erst dann 7...Bd7 zu ziehen.} (6... Bg7 7. dxc5 dxc5 8. Qxd8+ Nxd8 9. Be3 b6
10. Nb5 O-O 11. Ne5 Bb7 12. Bxb7 Nxb7 13. Nc6 Ng4 14. Nc7 Nxe3 15. fxe3 Bxb2
16. Rd1 Na5 17. Nxa5 Bc3+ 18. Kf1 Bxa5 19. Nxa8 Rxa8 20. Rd7 {1-0 Lehtinen,
H-Cooke,E/Budapest 2000/CBM 75 ext (20)}) (6... cxd4 7. Nxd4 Bd7) 7. dxc5 $5 (
7. d5 Na5 8. Nd2 a6 9. a4 Bg7 10. O-O h5 11. h3 Rb8 12. e4 Qc8 13. h4 O-O 14.
Qe2 e6 15. Ra3 Re8 16. Nf3 Nxc4 17. Qxc4 b5 {0-1 Sokolovs,A-Lanka,Z/Vilnius
1993/CBM 35 (31)}) 7... dxc5 8. Bf4 $5 {[%cal Gf4b8][%mdl 8192] Der Läufer
steht gut auf f4. Anschließend spielt Weiß Ne5 und bekommt in symmetrischer
Stellung die Initiative.} Qc8 $4 {Unglaublich! Ich erinnere mich, dass GM
Lanka schon gegen viele Weltklassespieler gewonnen hat, z.B. gegen Almasi und
Leko, und jetzt kommt er - schon nach dem 8. Zug - in eine verlorene Stellung.}
(8... Bg7 9. O-O O-O 10. Ne5 Nxe5 11. Bxe5 $14) 9. Nb5 $18 {Ist es möglich,
dass Schwarz diesen Zug übersehen hat? Es droht 10.Nc7+ mit sofortigem Gewinn.}
e5 10. Nxe5 Nxe5 11. Bxe5 {Weiß hat einen Mehrbauern und viele Drohungen.} Bxb5
12. cxb5 {[%csl Ge5,Gg2] Weiß hat das Läuferpaar und einen gesunden Mehrbauern,
also deutlichen Vorteil.} (12. Bxf6 Bc6 13. Bxh8 (13. Bd5 $18) 13... Bxg2 14.
Rg1 Qh3 15. Qd3 $18) 12... Qe6 13. Bxf6 (13. Bxb7 Rd8 14. Bc6+ Ke7 15. Bxf6+ {
Das wäre nur eine Zugumstellung zu unserer Partie.}) 13... Qxf6 14. Bxb7 {
[%mdl 1024]} Rd8 15. Bc6+ Ke7 16. Qa4 {Weiß ist nun schon zwei Bauern im
Vorteil, zudem hängt der Pa7 mit Schach.} Qxb2 17. O-O (17. Qxa7+ $18) 17...
Kf6 18. Qh4+ (18. Qxa7 $18) 18... g5 19. Qh5 {[%csl Rf6,Gh5] Der schwarze
König steht schreklich auf f6.} Rg8 20. f4 $1 (20. Rad1) 20... Qd4+ 21. Kh1 Rg6
(21... g4 22. Rad1 Qxd1 23. Qe5+ Kg6 24. Qg5#) 22. Qxh7 (22. fxg5+ Kg7 23. Qf3
$18) 22... Ke7 (22... g4 23. e4 $18) 23. fxg5 Qg7 (23... Rg7 24. Qf5 $18) 24.
Qh4 Rd4 (24... Rxg5 25. Qa4 $18) 25. Qh3 {Es droht 26.Qc8. Mit drei Mehrbauern
hat Weiß leichtes Spiel.} Re6 26. Qf5 Kd8 27. Rad1 (27. Qxf7 $18) 27... Be7 (
27... Rxe2 28. Rxd4+ Qxd4 29. Qxf7 $18) 28. Qxf7 Qxf7 29. Rxd4+ cxd4 30. Rxf7
Rxe2 31. g6 {Der Vormarsch des g-Bauern gewinnt sofort.} Re6 32. g7 (32. g7 Rg6
33. Rf8+ $18) 1-0

[Event "EU-Cup 18th"]
[Site "Kallithea"]
[Date "2002.09.22"]
[Round "1.4"]
[White "Poldauf, Dirk"]
[Black "Timofeev, Artyom"]
[Result "1-0"]
[WhiteElo "2410"]
[BlackElo "2558"]
[Annotator "Ribli,Z"]
[PlyCount "83"]
[EventDate "2002.09.22"]
[EventType "team-swiss"]
[EventRounds "7"]
[EventCountry "GRE"]
[SourceTitle "CBM 092"]
[Source "ChessBase"]
[SourceDate "2003.02.06"]
[SourceVersion "1"]
[SourceVersionDate "2003.02.06"]
[SourceQuality "1"]
[WhiteTeam "Berlin SF"]
[BlackTeam "Kazan Ladya"]
[WhiteTeamCountry "GER"]
[BlackTeamCountry "RUS"]

1. c4 c5 2. g3 g6 3. Bg2 Bg7 4. Nc3 Nc6 5. a3 {Das ist eine bescheidene
Variante fuer Weiss und wahrscheinlich waere Weiss auch zufrieden mit einem
Remisergebnis. Nach dem einfachen Zug 5...a6 bekommen wir eine symmetrische
Stellung, wo Weiss keinen Vorteil besitzt.} d6 (5... b6) (5... Bxc3 $5 6. bxc3
(6. dxc3 d6 (6... b6)) 6... d6 (6... b6)) 6. e3 (6. Rb1 a5 7. e3 e5 8. Nge2
Nge7 9. d3 O-O 10. O-O Rb8 11. Bd2 Be6) 6... Nh6 {[%cal Gh6f5,Gf5d4] Die Idee
des etwa sonderbare Springerzugs ist - Schwarz moechte später das Feld d4
kontrollieren.} 7. h4 $5 {[%cal Gh4h5] Eine typische Reaktion bei der
Springerstellung auf h6. Weiss benutzt die Moeglichkeit, dass Schwarz nicht 7..
.h6 oder 7...h5 ziehen kann und moechte spaeter selbst h4-h5 ziehen.} (7. Nge2
Nf5 8. b4 (8. Rb1 a5 9. b3 Bd7 (9... h5 10. h3 e5 11. Bb2 h4 12. g4 Nfe7 13. d4
cxd4 14. exd4 O-O 15. d5 Nb8 16. b4 f5 17. gxf5 gxf5 18. Rg1 Na6 19. Ba1 axb4
20. axb4 Rf6 21. f4 Ng6 22. Bf3 Kh7 23. Bh5 {0-1 Seirawan,Y-Short,N/Hastings
1979/MCD (40)}) 10. Bb2 O-O 11. O-O Re8 12. Nb5 Na7 13. Bxg7 Kxg7 14. a4 Qb6
15. d4 Rac8 16. dxc5 Rxc5 17. Nec3 Bc6 18. e4 Nh6 19. Qd4+ f6 20. Rbd1 Nc8 21.
f4 $2 e5 {0-1 Seirawan,Y-Lein,A/Hastings 1979/MCD (21)}) (8. O-O h5 9. h3 Qd7
10. Rb1 b6 11. d4 Rb8 12. d5 Na5 13. b3 a6 14. a4 Qc7 15. Bb2 Bd7 16. Qc2 O-O
17. Rfe1 Rfc8 18. Nf4 {1-0 Khismatullin,D-Mladenov,S/Halkidiki 2001/EXT 2002 
(42)}) 8... h5 9. Rb1 Ne5 10. Qc2 Rb8 11. f4 Nxc4 12. bxc5 O-O 13. e4 Nh6 14.
d3 Na5 15. cxd6 Qxd6 16. Nb5 {1-0 Seirawan,Y-Giardelli,S/Mar del Plata 1982/
MCL (40)}) 7... e5 8. Nge2 (8. h5 $5) 8... O-O 9. d3 Be6 10. Rb1 {Weiss
befolgt die gewoehnliche Strategie - er moechte b2-b4 ziehen.} (10. h5 g5 11.
Nd5 f5 12. Nec3 Rb8 13. O-O f4 $132) 10... Rc8 (10... a5) 11. b4 b6 12. Nd5 {
[%csl Gd5] Weiss hat eine starke Springerstellung auf d5.} Nf5 13. h5 $1 $36
cxb4 (13... Nce7 14. hxg6 fxg6 15. Qa4 Bxd5 16. cxd5 Qc7 17. bxc5 bxc5 $13) 14.
axb4 b5 $5 {Schwarz opfert einen Bauern, um die Stellung am Damenfluegel zu
oeffnen.} 15. hxg6 (15. cxb5 Nce7 $13) 15... hxg6 16. Nec3 $1 {[%csl Yd5]
Strategisch sehr gut gespielt - Weiss beschaeftigt sich nicht mit dem
b5-Bauern, sondern zentralisiert seinen Springer.} bxc4 17. dxc4 Nce7 {[%cal
Gc8c4]} 18. Qd3 Nxd5 19. Nxd5 {Weiss muss - wenn moeglich - mit einer Figur
auf d5 nehmen.} (19. cxd5 Bd7 $11) 19... Ne7 20. Bb2 Bf5 $5 (20... Nxd5 21.
Bxd5 (21. cxd5 Bd7 $13) 21... Bxd5 (21... Qd7 $14) 22. Qxd5 Qc7 23. Rc1 Qc6 24.
Ke2 $14 Qa4 $6 25. Bc3 Qa2+ 26. Bd2 $16) 21. e4 Nxd5 22. exf5 $1 {[%cal Gg2d5]
[%mdl 32] Auf diese Weise öffnet Weiss die Diagonale des g2-Läufers. Er hat
keine Angst, dass er den b4-Bauern verlieren könnte.} Nxb4 23. Qb3 {[%cal
Gb3g8]} a5 24. fxg6 Qf6 (24... fxg6 25. Ba3 (25. Bh3 Qf6 26. O-O Rce8 27. f4
Qe7 $13) 25... Qf6 26. O-O $36) 25. gxf7+ Qxf7 26. O-O Qxc4 27. Qd1 {
Natuerlich muss Weiss die Damen auf dem Brett behalten.} Qd3 $2 (27... Qe6 $142
$1 28. Ba3 e4 $1 29. Bxb4 axb4 30. Rxb4 d5 $11) 28. Qg4 Qc4 29. Be4 $1 {
[%csl Ge4,Rg8][%mdl 2048] Weiss hat fuehlbaren positionellen Druck auf den
weissen Feldern.} Qf7 30. f4 $1 $16 {[%csl Gb2,Ge4,Gg4][%cal Gf1f8] Weiss hat
starken Angriff am Koenigsfluegel, der schwarze Mehrbauern hat gar keine
Bedeutung mehr.} (30. Qh3 Bf6 31. f4 Qg7) 30... exf4 (30... Nd5 31. fxe5 Qxf1+
32. Rxf1 Rxf1+ 33. Kh2 $18 (33. Kxf1 $2 Ne3+ $19 {[%cal Re3g4,Re3f1]})) 31.
Rxf4 Qa7+ 32. Kh1 $1 Rce8 (32... Rxf4 33. gxf4 Rf8 34. Rg1 $18) (32... Qe7 33.
Re1 Rc7 34. Bd5+ Nxd5 35. Rxe7 Rxe7 36. Bxg7 Rxg7 37. Qe6+ $18) 33. Qg6 Rxf4 (
33... Rxe4 34. Rxf8+ Kxf8 35. Bxg7+ Qxg7 36. Rf1+ Kg8 37. Qxe4 $18) 34. Qxe8+
Rf8 35. Qg6 $18 {[%cal Rg6h7,Rh7g8]} Rf2 36. Rc1 Nc2 37. Bd5+ (37. Rxc2 $18)
37... Kf8 (37... Kh8 38. Qh5#) 38. Qxd6+ Ke8 39. Bc6+ Kf7 40. Bd5+ Ke8 41. Qg6+
Kd8 (41... Kf8 42. Ba3+ $1 Nxa3 43. Rc8+ Ke7 44. Qe6#) 42. Bxg7 1-0

[Event "Cuernavaca Young Masters"]
[Site "Cuernavaca"]
[Date "2006.02.07"]
[Round "5"]
[White "Bruzon Batista, Lazaro"]
[Black "Cheparinov, Ivan"]
[Result "0-1"]
[WhiteElo "2650"]
[BlackElo "2625"]
[Annotator "Ribli,Z"]
[PlyCount "58"]
[EventDate "2006.02.03"]
[EventType "tourn"]
[EventRounds "9"]
[EventCountry "MEX"]
[EventCategory "16"]
[SourceTitle "CBM 112"]
[Source "ChessBase"]
[SourceDate "2006.06.07"]
[SourceVersion "1"]
[SourceVersionDate "2006.06.07"]
[SourceQuality "1"]

1. c4 c5 2. Nc3 Nc6 3. g3 g6 4. Bg2 Bg7 5. a3 b6 {Statt dieser Fortsetzung
kann Schwarz natürlich mit 5...a6 das symmetrische Spiel fortsetzen, aber der
Textzug gibt auch vollwertige Gegenchancen.} 6. e3 (6. b4 cxb4 7. axb4 Bb7 $11)
6... Bxc3 $5 {Schwarz tauscht seinen schwarzfeldrigen Läufer und
verschlechtert die gegnerische Bauernstruktur.} 7. bxc3 Bb7 8. h4 Nf6 9. d3 {
[%cal Ge3e4,Gc1h6] Weiß plant 10.e4, um seinen schwarzfeldrigen Läufer zu
aktivieren.} d6 10. e4 Qd7 {[%mdl 4] Da die schwarzen Felder am schwarzen
Königsflügel schwach sind, plant er die lange Rochade.} 11. Bg5 h6 12. Bh3 Qc7
13. Bxf6 exf6 {In dieser Stellung besitzen beide Seiten einen Doppelbauern,
mit dem Unterschied, dass Schwarz f6-f5 ziehen kann.} 14. Qd2 $6 (14. Ne2 $142)
14... f5 $1 {Nun kann Schwarz lang rochieren.} 15. exf5 $2 (15. f3 Ne5 $15 (
15... d5 {[%cal Rc7g3,Rg3e1]} 16. cxd5 Qxg3+ 17. Qf2 Qxf2+ 18. Kxf2 Ne5 $13))
15... O-O-O $6 (15... Na5 $1 {[%cal Rb7h1,Ra5b3,Rb3a1,Rb3d2] Es scheint, dass
Schwarz mit diesem Zwischenzug Material gewinnen kann.} 16. f3 (16. Rh2 Nb3)
16... Nb3 17. Qe2+ Kf8 $19 {[%cal Ra8e8,Re8e1,Rb3a1]}) 16. Rh2 Kb8 17. Bg2 (17.
O-O-O d5 $44) 17... Na5 $1 $36 {[%csl Re1] Es droht 18...Nb3; Schwarz
beabsichtigt den Tausch der Läufer. Darüber hinaus steht der weiße König
unsicher im Zentrum.} 18. Rd1 Bxg2 19. Rxg2 d5 {[%cal Gd8d1]} 20. cxd5 Rxd5 {
[%cal Gd5d1,Gh8e8,Ge8e1]} 21. fxg6 fxg6 {Schwarz hat mehr als ausreichende
Kompensation für den Bauern, während sich die weiße Stellung durch eine
schlechte Figurenkoordination auszeichnet.} 22. Qf4 Re5+ 23. Kf1 g5 24. Qf6
Rhe8 {[%csl Rf1,Rg1][%cal Ge8e1]} 25. hxg5 Qd7 $1 {[%cal Rd7d3,Rd3f1] Ein sehr
starker Zwischenzug - die schwarze Drohung ist 26...Qxd3+ 27.Rxd3 Re1#.} 26.
Rh2 Rf5 27. Qg6 (27. Qxh6 Nc4 {[%cal Rc4e3,Re3d1,Re3f1,Gd7d1]} 28. Kg2 Qd5+ 29.
Kh3 Rxg5 $19) {[#]} 27... Nc4 {[%csl Gc4,Gd7,Ge8,Rf1,Gf5][%cal Gd7d1,Gf5f1,
Ge8e1][%mdl 128]} 28. Kg2 Ne5 (28... Rxg5 29. Qxh6 Qd5+ 30. Kf1 Rf5 $19) 29.
Qh5 Ng4 (29... Ng4 {[%csl Rg2][%cal Rg4h2,Rf5f2]} 30. Qxg4 Rxf2+ $19) 0-1

[Event "EU-Cup 18th"]
[Site "Kallithea"]
[Date "2002.09.26"]
[Round "5.5"]
[White "Bezold, Michael"]
[Black "Zlotnik, Boris A"]
[Result "0-1"]
[WhiteElo "2468"]
[BlackElo "2423"]
[Annotator "Ribli,Z"]
[PlyCount "66"]
[EventDate "2002.09.22"]
[EventType "team-swiss"]
[EventRounds "7"]
[EventCountry "GRE"]
[SourceTitle "CBM 092"]
[Source "ChessBase"]
[SourceDate "2003.02.06"]
[SourceVersion "1"]
[SourceVersionDate "2003.02.06"]
[SourceQuality "1"]
[WhiteTeam "Hohenems"]
[BlackTeam "Reverte Albox"]
[WhiteTeamCountry "AUT"]
[BlackTeamCountry "ESP"]

1. g3 g6 2. Bg2 Bg7 3. c4 c5 4. Nc3 Nc6 5. d3 d6 (5... e6 6. Bxc6 dxc6 7. f4
Ne7 8. Qd2 Nf5 9. b3 b6 10. Bb2 h5 11. O-O-O Qe7 12. Ne4 f6 13. Nf3 Bb7 14. e3
O-O-O 15. Rhe1 e5 16. Qf2 {1-0 Hentunen,A-Laihonen,P/FIN 2001/338 (56)}) 6. f4
{Ein wenig gespielter Zug in dieser symmetrischen Stellung.} e6 (6... f5 $5 $11
) 7. Bxc6+ {Dieser Zug gefaellt mir nicht. Weiss gibt ohne Not seinen
weissfeldrigen Läufer auf, um seinem Gegner einen Doppelbauern beizubringen.
Aber die weissen Felder - besonders am Koenigsfluegel - werden sehr schwach.
Interessant, dass Grossmeister Bezold frueher auch schon so gespielt hat.} (7.
e4 Nge7 8. Be3 a6 9. Nf3 Nd4 10. O-O Rb8 11. Qd2 O-O 12. Rae1 b5 13. b3 Bd7 14.
Ne2 Nec6 {1/2-1/2 Bobotsov,M-Bouwmeester,H/Zevenaar 1961/MCD (28)}) 7... bxc6
8. Nf3 (8. Qd2 h5 $6 9. Nf3 Nh6 10. b3 Nf5 11. Bb2 Nd4 12. Rf1 e5 13. O-O-O Bh6
14. Rde1 f6 15. e3 Nf5 16. Nh4 Rg8 17. Qg2 Qb6 18. Nd5 $1 cxd5 19. Qxd5 {
1-0 Jouhki,Y-Raaste,E/Helsinki 1996/EXT 98 (21)}) 8... f6 $5 {[%cal Ge6e5]
[%mdl 4] Eine auf den ersten Blick sonderbare Fortsetzung, die mich an
"arabisches Schach" erinnert, wo die Bauern nur einen Zug machen konnten. Im
Folgenden möchte Schwarz e6-e5 spielen und im Falle von fxe5 fxe5 fortsetzen.}
(8... Ne7 9. e4 (9. Qd2 f6 10. b3 e5 11. Bb2 Bg4 12. Ne4 Bxf3 13. exf3 Nf5 14.
g4 Nd4 15. Bxd4 exd4 16. O-O Bh6 17. g5 Bg7 18. gxf6 Bxf6 19. Qg2 Be7 20. f5
gxf5 21. Ng3 $13 {1/2-1/2 Foisor,C-Alexandrova,O/Belgrade YUG 2001/(57)}) 9...
a5 10. e5 d5 11. Na4 Nf5 12. b3 dxc4 13. dxc4 Qxd1+ 14. Kxd1 Nd4 15. Nxd4 cxd4
16. Bb2 Bb7 17. Ba3 Bf8 18. Bxf8 Rxf8 19. Nc5 {1-0 Bezold,M-Osterman,R/Bled
1997/CBM 57 ext (32)}) 9. e4 e5 10. O-O Bg4 {[%csl Yg2,Gg4,Yh3][%cal Gg4d1]}
11. Be3 Ne7 12. Qd2 O-O 13. Kg2 Qd7 $15 {[%cal Rg4h3,Rh3f1] Droht 14...Bh3+
mit Qualitaetsgewinn. Weiss hat fuehlbare Schwerigkeiten mit den weissen
Felderschwächen.} 14. Ng1 Be6 15. Rf2 $6 (15. fxe5 $1 fxe5 16. Bh6 $15) 15...
exf4 $1 16. gxf4 (16. Bxf4 f5 $15) 16... f5 {Natuerlich öffnet Schwarz die
Stellung fuer sein Läuferpaar.} 17. Rd1 (17. e5 dxe5 18. Bxc5 exf4 19. Qxf4 h6
$15) 17... Rad8 18. h3 Rfe8 19. Qc1 Kh8 $1 {[%cal Ge7g8,Gg8f6] Ein sehr
starker prophylaktischer Zug - danach droht Schwarz vor allem mit dem
Springermanoever Ng8-Nf6.} 20. b3 (20. e5 dxe5 21. fxe5 Bxe5 22. Bxc5 Bg7 $15 {
[%cal Gh7h6,Gg6g5]}) 20... Ng8 21. Nce2 Bf7 22. Ng3 Nf6 {[%csl Re4,Gf6]} 23.
exf5 $2 {Das ist eine grosse Hilfe fuer Schwarz - es waere viel besser die
Spannung aufrechtzuhalten.} (23. Nf3 Qe7 $15 (23... fxe4 24. dxe4 Nxe4 25. Nxe4
Rxe4 26. Ng5 Rd4 27. Bxd4 cxd4 28. Nxf7+ Qxf7 $13)) 23... gxf5 24. d4 Qe6 {
[%csl Ye4]} 25. Re2 Ne4 $17 {Der e4N steht ausgezeichnet.} 26. Bf2 (26. Nxe4
Qxe4+ 27. Kf2 cxd4 $19) 26... cxd4 27. Bxd4 Rg8 $1 {[%csl Rg2][%cal Gg8g1]
[%mdl 128] Ploetzlich steht der weisse Koenig ganz schlecht auf der g-Linie.}
28. Nxe4 fxe4 (28... Bxd4+ $6 29. Ng5 $132) 29. Kh2 (29. Bxg7+ Rxg7+ 30. Kh2
Bh5 $19 {[%cal Rh5d1]}) 29... Bh5 $19 {[%cal Rh5d1] Nach diesem Zug Weiss
verliert mindestens die Qualitaet.} 30. f5 Be5+ (30... Qxf5 $19) 31. Kh1 (31.
Bxe5+ Qxe5+ 32. Kh1 Rxg1+ $19) 31... Qxf5 32. Rf1 Rxg1+ $1 33. Bxg1 Qxh3+ 0-1

[Event "VAM Hoogeveen 2nd"]
[Site "Hoogeveen"]
[Date "1998.10.19"]
[Round "2"]
[White "Shaked, Tal"]
[Black "Polgar, Judit"]
[Result "0-1"]
[WhiteElo "2490"]
[BlackElo "2665"]
[Annotator "Ribli,Z"]
[PlyCount "68"]
[EventDate "1998.10.18"]
[EventType "tourn"]
[EventRounds "6"]
[EventCountry "NED"]
[EventCategory "14"]
[SourceTitle "EXT 1999"]
[Source "ChessBase"]
[SourceDate "1998.11.16"]
[SourceVersion "1"]
[SourceVersionDate "1998.11.16"]
[SourceQuality "1"]

{[%mdl 64]} 1. c4 {Meulders} Nf6 2. Nc3 c5 3. g3 Nc6 4. Bg2 b6 {Eine kleine
Überraschung: Judit spielt häufiger die Varianten mit ...g6 / ...Bg7. Ribli.}
5. e4 $5 {Dieser Zug ist gegen den schwarzen Damenläufer gerichtet.} (5. e3 $5
Bb7 6. b3 g6 7. Bb2 Bg7 8. Nge2 O-O 9. O-O e5 10. d4 {1-0 Cechovic,S-Faltan,P/
SVK-chT3a 9697 1997/EXT 98 (41)}) (5. b3 Bb7 6. Bb2 e6 7. Nf3 Nd4 8. e3 Nxf3+
9. Bxf3 Bxf3 10. Qxf3 Be7 11. O-O O-O 12. Rfd1 Qc7 13. d4 cxd4 14. Rxd4 a6 15.
Rad1 Rad8 16. R4d2 Ne8 17. Kg2 f5 18. Qf4 Qc6+ 19. Qf3 Qc7 20. Qf4 Qc6+ {
1/2-1/2 Savon,V-Dvoirys,S/Podolsk 1992/EXT 97 (20)}) 5... Rb8 {Eine sonderbare
Fortsetzung im 5.Zug. Vielleicht hatte Judit Angst vor 5...Bb7 6.e5. Meulders:
'Nur fünf Züge gespielt und schon eine originelle Stellung!'} (5... e5 6. Nge2
Be7 7. d3 O-O 8. O-O d6 9. h3 Ne8 10. a3 Bd7 11. Rb1 Nc7 12. b4 Rb8 13. Be3 Nd4
14. f4 f5 15. Kh2 Be6 16. Nd5 Nxd5 17. exd5 Nxe2 18. Qxe2 Bd7 {1/2-1/2 Darga,
K-Rellstab,L/Bad Neuenahr 1957/EXT 98 (18)}) 6. Nge2 d6 7. O-O (7. d4 $5 e5 (
7... cxd4 8. Nxd4 $14 {Weiß hat eine sehr bequeme Stellung mit Raumvorteil.})
8. d5 Nd4 9. O-O $14 {Weiß hat Raumvorteil im Zentrum und kann im folgenden
Nxd4 spielen, um mit dem c3-Springer auf d3 zu blockieren.}) 7... e5 8. d3 $14
{[%csl Rf6] Weiß hat in dieser symmetrischen Stellung einen kleinen Vorteil,
denn sein Springer steht auf e2 elastischer als sein Gegenüber auf f6.} Be7 {
'=' Meulders.} 9. h3 (9. f4 $14) 9... a6 {[%cal Rb6b5]} 10. a4 {[%csl Yb4,Yd4]
Schwarz hat zwei ewige Vorpostenfelder auf b4 und d4, aber im eigenen Lager
ist auch das Feld d5 schwach.sein Punkt auf d5 ist auch schwach. Dank seiner
besseren Königsspringerstellung kann Weiß die Aktionen mit f2-f4 beginnen.} O-O
11. f4 Nd4 12. g4 (12. Be3 $5 {Das ist ein normaler Entwicklungszug mit dem
Plan z.B. Ra1-b1 / b2- b4 oder Qd1-d2 zu spielen.}) 12... Bb7 13. Nxd4 (13. Ng3
$5) 13... cxd4 14. Ne2 Nd7 {[%cal Gd7c5] Der schwarze Springer strebt nach c5.}
15. b4 (15. a5 Bc8 $13 (15... bxa5 16. Bd2 {[%csl Ra5][%cal Rd2a5]})) 15... a5
$1 $11 {'!' Meulders. Meulders: 'An beiden Flügeln kämpft Schwarz um die
Behrrschung der schwarzen Felder.'} 16. b5 (16. Bd2 $5 axb4 17. Bxb4 Ra8 $11) (
16. Bd2 {Meulders}) 16... Nc5 {Meulders: 'Ein Feld fürs Leben!'} 17. Kh1 (17.
Ba3 $11 {[%cal Ga3c5] Und Weiß kann den Springer tauschen.}) 17... Ne6 18. f5
$6 {[%csl Yg5] Ich bin der Meinung, es wäre besser für Weiß, die Spannung im
Zentrum aufrecht zu erhalten. Jetzt wird das Feld g5 schwach und Schwarz kann
die schwarzfeldrigen Läufer tauschen. Meulders: 'Ungestüm rückt Weiss seine
Bauer vor. Dabei werden die schwarze Felder aber erheblich geschwächt.'} (18.
Bd2 $5) 18... Nc5 $15 {[%csl Gc5,Rg2] Der c5-Springer beherrscht zwar den
Damenflügel, aber die Stellung ist geschlossen, so daß Schwarz Linien am
Königsflügel öffnen muß.} 19. Ng1 {Meulders: '/\Nf3'} Bg5 $8 {'!' Meulders.
Sonst spielt Weiß 20.Nf3 mit der Idee 21.g4-g5.} 20. Ra3 $2 {[%csl Ra3,Gc5,Rg2]
'?!' Meulders. Der weiße Turm steht sehr passiv auf a3, aber der schwarze
Springer auf c5 steht ausgezeichnet.} (20. Nf3 Bxc1 21. Rxc1 $15 {[%csl Gc5]} (
21. Rxc1 {Meulders} f6 22. Rg1 {/\Bf1, g5->})) 20... f6 {'!' Meulders.} 21. Nf3
(21. Bxg5 fxg5 $15 {[%csl Gc5,Rg2]}) 21... Bxc1 22. Qxc1 Qe7 {[%cal Ge7a3]
Meulders: 'Indirekter Angriff auf Ra3....'} 23. Rg1 Rbc8 {[%cal Gc8c1]
Meulders: 'und jetzt wird die Dame indirekt ins Visier genommen.'} 24. Nd2 (24.
g5 Nxd3 $5 25. Rxd3 Bxe4 $17 {[%csl Rd3,Ge4][%cal Rd6d5,Gc8c1] Schwarz hat
schon zwei Bauern für die Figur und der e4-Läufer ist sehr stark.}) 24... g6 $1
{Schwarz möchte die Stellung öffnen. Weiß kann nur abwarten.} 25. Bf3 {[%cal
Gg1g8]} (25. fxg6 hxg6 $15 {[%cal Gf6f5]}) 25... Kh8 {'!' Meulders. Meulders:
'Im Gegensatz zur schwarzen Dame, die ruhig gegenüber dem weissen Turm stehen
bleibt, entzieht der schwarze König sich an dem Röntgenangriff des Turmes.'}
26. Nf1 {[%cal Gf1g3] '?' Meulders. Der weiße Springer strebt nach g3, um
eventuell auf f5 mit dem Springer zurückzuschlagen.} (26. Qe1 {Meulders /\Qh4})
26... gxf5 27. gxf5 d5 $1 {[%cal Ge7a3,Gc8c1] [#]Ein schöner Durchbruchszug,
nach dem die Lage des Weißen sehr gefährdet wird. Meulders: 'Wer nicht hören
will....'} (27... Rg8 $15) 28. exd5 (28. cxd5 $2 {Meulders} Nxe4 {/\Nc3-/+})
28... e4 $1 29. dxe4 $6 (29. Qe1 $5 {[%cal Ge1e7]} e3 $36 {[%csl Gd4,Ge3,Rf5]}
(29... Qd6 30. dxe4 Nxe4 {[%cal Rd6a3]} 31. Rd3 Ng5 {[%cal Rc8c4]} 32. Nd2 Nxh3
33. Rg4 $13 (33. Rg3 $13)) (29... Nxd3 $4 30. Rxd3 $18 {[%cal Ge1e7]}) (29...
Rfe8 {Meulders} 30. dxe4 (30. Bh5 $2 Nxd3 $17) 30... Nxe4 31. Rd3 Rxc4 32. Nd2
(32. Bxe4 $2 Qxe4+ 33. Qxe4 Rxe4 34. Nd2 Bxd5 $19) 32... Nxd2 33. Qxd2 Qe5 34.
Qg2 Rc7 35. Rd2 $11)) 29... Nxe4 30. Qh6 (30. Ra1 Bxd5 {[%csl Gd5,Rh1][%cal
Gc8c1]} (30... Nd6) 31. Qe1 Ba8 (31... Bb7) 32. Nd2 Rfe8 $17) 30... Ng5 $1 $17
{[%csl Rc4,Rh1][%cal Rc8c4]} 31. Rxg5 $5 {Dieses Qualitätsopfer ist praktisch
schon erzwungen, denn der Springer g5 war zu stark. Jetzt bekommt Weiß einige
taktische Gegenchancen, aber mit gutem Spiel verwertet Schwarz seinen Vorteil.}
(31. Rd3 {Dieser passive Zug hilft nicht.} Nxf3 32. Rxf3 Rxc4 {[%csl Gb7][%cal
Rb7h1]} 33. Rfg3 Bxd5+ 34. Kh2 Rc2+ 35. Nd2 Rg8 {[%csl Rd2,Rg3,Rh2]} 36. Rxg8+
Bxg8 $19 {[%csl Rh2]}) 31... fxg5 32. d6 Qe2 $1 {[%csl Gb7,Ge2,Rf1,Rf3,Rh1]} (
32... Qe1 $17) (32... Bxf3+ 33. Rxf3 Qb7 $17) 33. Bxb7 Qxf1+ 34. Kh2 Rxf5 $1
$19 {[%csl Gf1,Gf5,Rh2] Der Turm zählt nicht, der Mattangriff ist wichtiger.
Weiß steht jetzt den vielfältigen Drohungen hilflos gegenüber.} (34... Rxf5 {
[%csl Rh2]} 35. Rg3 (35. Bxc8 Rf2+ 36. Kg3 Qg2#) 35... Rxc4 36. d7 (36. Bg2 Qe1
37. d7 Qe7 38. Be4 Qxd7 39. Bxf5 Qxf5 {[%csl Gc4,Gf5,Rh2] Und dem weißen König
wird das Mattnetz geknüpft.}) 36... Rf2+ 37. Bg2 (37. Rg2 Rxg2+ 38. Bxg2 Qf4+
$19) 37... Rxg2+ 38. Rxg2 Qf4+ 39. Rg3 Rc2+ 40. Kh1 Qf1+ $19) 0-1